Normal view
MARC view
- Sediment transport.
Entry Topical Term
001 - CONTROL NUMBER
- control field: 13104
003 - CONTROL NUMBER IDENTIFIER
- control field: NUST
005 - DATE AND TIME OF LATEST TRANSACTION
- control field: 20190121144943.0
008 - FIXED-LENGTH DATA ELEMENTS
- fixed length control field: 190121|| aca||aabn | a|a d
040 ## - CATALOGING SOURCE
- Original cataloging agency: NUST
- Transcribing agency: NUST
150 ## - HEADING--TOPICAL TERM
- Topical term or geographic name entry element: Sediment transport.
670 ## - SOURCE DATA FOUND
- Source citation: Work cat.: (NUST)1548: Quian, Ning, 13103, Mechanics of sediment transport /, c1999.
